000 00551nam a2200193 i 4500
001 60565
003 ES-MaACL
005 20230906164247.0
007 t|
008 031105s1956 sp ||||1| spa d
245 0 3 _aEl Escorial
_b: su historia, su arte, sus bellezas.
250 _a[1ª ed.].
260 _a[S.l. :
_bs.n.,
_c1956] (
_eMadrid :
_fGráf. Yagües)
300 _a100 p. :
_bil. ;
_c17 cm.
490 1 _aGuías turísticas
830 0 _aGuías turísticas
_9182719
852 _aES-MaACL
_jC-10780
_bR.38689
999 _c60565
_d60565